Nghiên cứu ảnh hưởng của ZnO và CaO lên phổ phát quang của Mn trong vật liệu phát quang nhóm (Zn,Ca)SiO3 và (Zn,Ca)Al2O4

Tìm hiểu về sự ảnh hưởng của kẽm oxit và canxi oxit lên phổ phát quang của Mn trong vật liệu phát quang nhóm (Zn,Ca)SiO3 và (Zn,Ca)Al2O4 bằng cách khảo sát tỉ lệ chất nền nào của vật liệu cho phổ phát quang cao nhất, hiệu ứng gồm những màu gì, ở khoảng bước sóng nào....

Deskribapen osoa

Gorde:
Xehetasun bibliografikoak
Egile nagusia: Hồ Thị Phương Thanh
Beste egile batzuk: Lê Văn Thanh Sơn (Hướng dẫn)
Formatua: Liburua
Argitaratua: Đà Nẵng Đại học Sư phạm, Đại học Đà Nẵng 2012
Gaiak:
Etiketak: Etiketa erantsi
Etiketarik gabe, Izan zaitez lehena erregistro honi etiketa jartzen!
Thư viện lưu trữ: Mạng thư viện Đại học Đà Nẵng
LEADER 01956nam a2200337 4500
001 000017390
003 13808
005 20130411150437.0
008 130411s2012 sd
082 |a 535  |b HÔ-T 
100 1 |a Hồ Thị Phương Thanh 
245 |a Nghiên cứu ảnh hưởng của ZnO và CaO lên phổ phát quang của Mn trong vật liệu phát quang nhóm (Zn,Ca)SiO3 và (Zn,Ca)Al2O4  |c Hồ Thị Phương Thanh; Lê Văn Thanh Sơn hướng dẫn  |k Khóa luận tốt nghiệp 
260 |a Đà Nẵng  |b Đại học Sư phạm, Đại học Đà Nẵng  |c 2012 
300 |a 45 tr.  |b Hình mh.  |c 29 cm.  |e Đĩa CD, bản tóm tắt 
500 |a Khóa luận tốt nghiệp đại học. Chuyên ngành: Sư phạm Vật Lý 
504 |a Mục lục đầu trang, tài liệu tham khảo tr. 73 - 74, phụ lục [13 tr.] 
520 |a Tìm hiểu về sự ảnh hưởng của kẽm oxit và canxi oxit lên phổ phát quang của Mn trong vật liệu phát quang nhóm (Zn,Ca)SiO3 và (Zn,Ca)Al2O4 bằng cách khảo sát tỉ lệ chất nền nào của vật liệu cho phổ phát quang cao nhất, hiệu ứng gồm những màu gì, ở khoảng bước sóng nào. 
600 1 4 |b Vua  |c Đinh Tiên Hoàng 
650 0 4 |a Hiện tượng phát quang  |v Khóa luận tốt nghiệp  |x Nghiên cứu và ứng dụng 
653 |a Khoa Vật lý  |a Hiện tượng phát quang  |a Vật liệu phát quang 
700 |a Lê Văn Thanh Sơn  |e Hướng dẫn 
OWN |a LSP 
AVA |a UDN50  |b LSP  |d 535 HÔ-T  |e available  |t Error 5001 Not defined in file expand_doc_bib_avail.  |f 1  |g 0  |h N  |i 0  |k 1 
999 |a From the UDN01 
AVA |a UDN50  |b LSP  |d 535 HÔ-T  |e available  |t Error 5001 Not defined in file expand_doc_bib_avail.  |f 1  |g 0  |h N  |i 0  |k 1 
TYP |a Monograph 
TYP |a Printed language 
980 |a Mạng thư viện Đại học Đà Nẵng